000 00581nam a2200193 a 4500
001 10432
003 CO-ViMGA
008 141112s2004 ck r 000 u spa d
020 _a9586012549
040 _aCO-ViMGA
_bspa
_cCO-ViMGA
082 0 4 _a944.04 K35m
100 1 _aKelly ; Linda,
_913938
245 1 0 _aLas Mujeres de la Revolución Francesa
260 _aBogotá :
_bTercer mundo,
_c1989
490 _aVergara Tercer Mundo
650 1 4 _aFRANCIA - HISTORIA - REVOLUCION - 1789 - 1799
_913939
650 1 4 _aMUJERES - HISTORIA - FRANCIA - 1789 - 1794
_913940
942 _2ddc
_cBK
999 _c21774
_d21774